000 00555nam a2200193Ia 4500
003 LDD
008 181029s9999 xx 000 0 und d
020 _a8175963670
_c495.00
040 _cLDD
100 _aPinch, William R.
245 0 _aWarrior ascetics and Indian empires
_cWilliam R. Pinch
260 _aNew Delhi
_bFoundation
_c2006
300 _axi, 280p.
365 _b495.00
901 _a3467
_b08-11-2006
902 _aG-418/06-07
_b17-11-2006
_cF
_dMPD
_e95
903 _aDiscount-10
_bReqst by : Kumar, Kapil (Dr.)
942 _2ddc
_cBK
999 _c76548
_d76548